000 00674cab a2200229 4500
001 ABS43395
008 090401t1990 xxu||||| |||| 00| 0 eng d
035 _a(Sirsi) u41537
041 _aeng
100 _aVan den Bos, J.
245 _aEast axis turns to gold
260 _c1990
350 _a0
490 _aChartered Surveyor Weekly
_v32(11) 20 September 1990, 26-27(2)
520 _aReports on office development in the east ern suburbs of Paris , focusing particularly on the new town Marne-la Vallee .
650 _aPROPERTY-COMMERCIAL PROPERTY
650 _aFRANCE
650 _aMARKET
690 _aOVERSEAS-EUROPE
942 _n0
948 _c04/03/1997
999 _c26670
_d26670